000 00871nam a2200229Ia 4500
003 GCL
008 140319s9999 xx 000 0 ara d
040 _aGCL /
_cGCL
082 0 4 _aق
_b299.31
_bا د
100 1 _aارمان ادولف
245 1 0 _aديانة مصر القديمة :
_bنشأتها وتطورها ونهايتها فى أربعة الاف سنة /
_cارمان ادولف
700 1 _aعبدالمنعم ابوبكر
700 1 _aمحمد انور شكرى (مترجم)
250 _aالاولى
260 _aالقاهرة :
_bمكتبة مدبولى ،
_c1995
300 _a580 ص:
_bايض ؛
_c24 سم
490 _aصفحات من تاريخ مصر الفرعونية
_v0
650 0 4 _aالعادات والتقاليد
650 0 4 _aالحضارة الفرعونية
650 0 4 _aالديانات القديمة
942 _2ddc
_cBK
999 _c43080
_d43080